Bilecik Bilecik Bilecik Bilecik Bilecik

Yukarıçukurova masallarında motif ve tip araştırması/ (Record no. 71174)

MARC details
000 -BAŞLIK
Sabit Uzunluktaki Kontrol Alanı 01831nam a22004817a 4500
001 - KONTROL NUMARASI
Control Dosyası 0070426
003 - KONTROL NUMARASI KİMLİĞİ
Kontrol Alanı KOHA_MİRAKIL
005 - EN SON İŞLEM TARİHİ ve ZAMANI
Kontrol Alanı 20260207004925.0
007 - FİZİKSEL TANIM SABİT ALAN - GENEL BİLGİ
Sabit uzunluklu kontrol alanı ta
008 - SABİT UZUNLUKTAKİ VERİ ÖGELERİ - GENEL BİLGİ
Sabit Alan 240119b2001 tu |||gr||||#0|||0|tur |
020 ## - ISBN - ULUSLARARASI STANDART KİTAP NUMARASI
Isbn 9751727863
Nitelik bilgileri (tk.)
020 ## - ISBN - ULUSLARARASI STANDART KİTAP NUMARASI
Isbn 9751727871
Nitelik bilgileri (c.1)
040 ## - KATALOGLAMA KAYNAĞI
Özgün Kataloglama Kurumu TR-BiSEU
Kataloglama Dili tur
Çeviri Kurumu TR-BiSEU
Açıklama Kuralları rda
041 0# - DİL KODU
Metin ya da ses kaydının dil kodu tur
044 ## - YAYINLAYAN/ÜRETEN KURULUŞUN ÜLKE KODU
ISO country code tu
050 ## - SINIFLAMA ve YER NUMARASI
Sınıflama Numarası GR281.A2
Yer Numarası S56 2001
100 1# - KİŞİ ADI
Yazar Adı (Kişi adı) Şimşek, Esma.
245 1# - ESER ADI BİLDİRİMİ
Başlık Yukarıçukurova masallarında motif ve tip araştırması/
Sorumluluk Bildirimi Esma Şimşek ; Esma Şimşek.
264 #1 - ÜRERİM, YAYIN, DAĞITIM ve TELİF BİLDİRİMİ
Yayın yeri Ankara :
Yayınlayan Kültür Bakanlığı
Yayın tarihi 2001
300 ## - FİZİKSEL TANIMLAMA
Sayfa, Cilt vb. 2 cilt; 24 cm.
336 ## - İÇERİK TÜRÜ
Content type term metin
Content type code txt
Source rdacontent
337 ## - MEDYA TÜRÜ
Media type term aracısız
Media type code n
Source rdamedia
338 ## - TAŞIYICI TÜRÜ
Carrier type term cilt
Carrier type code nc
Source rdacarrier
490 1# - DİZİ BİLDİRİMİ
Dizi Bildirimi Kültür Bakanlığı yayınları ;
Cilt Numarası 2689.
490 1# - DİZİ BİLDİRİMİ
Dizi Bildirimi Halk Kültürlerini Araştıma ve Geliştirme Genel Müdürlüğü yayınları ;
Cilt Numarası 322.
490 1# - DİZİ BİLDİRİMİ
Dizi Bildirimi Halk Edebiyatı dizisi ;
Cilt Numarası 65
500 ## - GENEL NOT
Genel Not Kaynakça var.
650 #0 - KONU BAŞLIĞI EK GİRİŞ - KONU TERİMİ
Konusal terim veya coğrafi ad Halk Edebiyatı--Masallar--(Çukurova).
9 (RLIN) 137384
650 #0 - KONU BAŞLIĞI EK GİRİŞ - KONU TERİMİ
Konusal terim veya coğrafi ad Masallar--Türkiye--Yapısal analiz.
9 (RLIN) 137385
650 #0 - KONU BAŞLIĞI EK GİRİŞ - KONU TERİMİ
Konusal terim veya coğrafi ad Halk Hikayeleri--Türkiye.
9 (RLIN) 137386
650 #0 - KONU BAŞLIĞI EK GİRİŞ - KONU TERİMİ
Konusal terim veya coğrafi ad Masallar--Türkiye.
9 (RLIN) 41288
650 #0 - KONU BAŞLIĞI EK GİRİŞ - KONU TERİMİ
Konusal terim veya coğrafi ad Motif ve tipler--Yukarıçukurova masalları.
9 (RLIN) 137387
650 #0 - KONU BAŞLIĞI EK GİRİŞ - KONU TERİMİ
Konusal terim veya coğrafi ad Folk Literature--Fairy Tales--(Çukurova).
9 (RLIN) 137388
650 #0 - KONU BAŞLIĞI EK GİRİŞ - KONU TERİMİ
Konusal terim veya coğrafi ad Fairy Tales--Türkiye--Structural analysis.
9 (RLIN) 137389
650 #0 - KONU BAŞLIĞI EK GİRİŞ - KONU TERİMİ
Konusal terim veya coğrafi ad Folk Tales--Türkiye.
9 (RLIN) 137390
650 #0 - KONU BAŞLIĞI EK GİRİŞ - KONU TERİMİ
Konusal terim veya coğrafi ad Fairy Tales--Türkiye.
9 (RLIN) 137391
650 #0 - KONU BAŞLIĞI EK GİRİŞ - KONU TERİMİ
Konusal terim veya coğrafi ad Motifs and types--Yukarıçukurova tales.
9 (RLIN) 137392
830 1# - SERİ EK GİRİŞİ - TEKBİÇİM ESER ADI
Tekbiçim Başlık Kültür Bakanlığı yayınları ;
Volume number/sequential designation 2689.
9 (RLIN) 6658
830 1# - SERİ EK GİRİŞİ - TEKBİÇİM ESER ADI
Tekbiçim Başlık Halk Kültürlerini Araştıma ve Geliştirme Genel Müdürlüğü yayınları ;
Volume number/sequential designation 322.
9 (RLIN) 137393
830 1# - SERİ EK GİRİŞİ - TEKBİÇİM ESER ADI
Tekbiçim Başlık Halk Edebiyatı dizisi ;
Volume number/sequential designation 65
9 (RLIN) 42590
907 ## - LOCAL DATA ELEMENT G, LDG (RLIN)
a Folklor
942 ## - EK GİRİŞ ÖGELERİ (KOHA)
Source of classification or shelving scheme Library of Congress Classification
Koha item type Book
Holdings
Materyal Türü Kalıcı Konum Mevcut Konum Raf Yeri Sınıflandırma Kaynağı Edinim Bilgisi Ana Konular Alt Konular Yer Numarası Cilt Bilgisi Demirbaş Numarası Fatura Tarihi Geri Çekilme Durumu Kayıp Durumu Hasarlı Durumu Kredi için değil Kayıt Tarih Toplam Ödünçverme Son Görülme Tarihi Son Kontrol Tarihi Genel / Bağış Notu
Book Prof. Dr. Azmi Özcan Kütüphanesi Prof. Dr. Azmi Özcan Kütüphanesi Uluğbey Salonu Library of Congress Classification Bağış COĞRAFYA, ANTROPOLOJİ, REKREASYON Folklor GR281.A2 S56 2001 c.1 0070426 02/02/2026         19/01/2024   17/03/2025 17/03/2025 Genel Bağış